| 000 | 00356nam a2200133 4500 | ||
|---|---|---|---|
| 999 |
_c11980 _d11980 |
||
| 008 | 210115b ||||| |||| 00| 0 eng d | ||
| 082 | 0 | 0 |
_a621.406 _bY13 |
| 100 |
_92383 _aYahya, S.M. |
||
| 245 | 1 | 0 |
_aTurbines compressors / _cby S. M. Yahya |
| 260 |
_aNew Delhi: _bTata McGrawHill, _c1994. |
||
| 300 | _avi, 678 p. | ||
| 650 | 0 | _aTurbines | |
| 942 |
_2ddc _cBK |
||